000 00832cab a2200265 4500
001 WB3004-71
008 090401t1994 xxu||||| |||| 00| 0 eng d
035 _a(Sirsi) u58712
041 _aeng
245 _aEnterprise zones for coalfields
260 _c1994
350 _a0
490 _aDoE News Release
_v(017) 18 January 1994 (2)
520 _aSixteen sites in three areas (Easington, County Durham; Dearne Valley, South Yorkshire; East Midlands) all affected by the closure of coal mines, are to be submitted for approval to the EC as EZs.
650 _aCOAL MINING AREAS
650 _aDEARNE VALLEY
650 _aEASINGTON
650 _aEAST MIDLANDS
650 _aEMPLOYMENT
650 _aENTERPRISE ZONES
690 _aMINING AND MINERALS
690 _aURBAN RENEWAL
942 _n0
948 _c04/03/1997
999 _c35899
_d35899